| 000 | 00698nam a2200205 u 4500 | ||
|---|---|---|---|
| 005 | 20210223131330.0 | ||
| 008 | 100630s2006 r 000 0 eng d | ||
| 020 | _a9788498411027 | ||
| 035 | _aUPN01000177068 | ||
| 049 | _aCG | ||
| 050 | 4 |
_aPQ6051 _bM3.3 |
|
| 100 | 1 |
_aMarchamalo, Jesús, _d1960- _934783 |
|
| 245 | 1 | 0 |
_a39 escritores y medio / _cJesús Marchamalo ; il. Damián Flores ; prol. César Antonio Molina. |
| 260 |
_aMadrid : _bSiruela, _bInstituto Cervantes, _c2006. |
||
| 300 |
_a202 p. : _bprincipalmente il. |
||
| 440 | 4 |
_aLas tres edades. _pDe 12 en adelante ; _v140 |
|
| 650 | 4 |
_aAUTORES HISPANOAMERICANOS - _vBIOGRAFIA _94027 |
|
| 700 | 1 |
_aFlores, Damián, _eil. |
|
| 905 | _aLibro | ||
| 999 |
_c149171 _d149171 |
||